| 000 | 01475cam a2200469Ia 4500 | ||
|---|---|---|---|
| 001 | 1030159266 | ||
| 003 | OCoLC | ||
| 005 | 20241225111810.0 | ||
| 006 | m u | ||
| 007 | cr ||||||||||| | ||
| 008 | 180402s2018 nyua o 000 0 eng d | ||
| 020 | _a9781260019377 | ||
| 020 |
_q(electronic bk) _a9781260019384 |
||
| 035 | _a(OCoLC)1030159266 | ||
| 040 |
_aINM _beng _epn _cINM _dSMC |
||
| 049 |
_aYYEA _aVZYM |
||
| 080 |
_a612 _bE-13 |
||
| 099 | _aINTERNET LINK | ||
| 100 | 1 | _aEaton, Douglas C. | |
| 245 | 1 | 0 |
_aVander's renal physiology _h[electronic resource] / _cDouglas C. Eaton, John P. Pooler. |
| 246 | 3 | 0 | _aRenal physiology. |
| 250 | _a9th ed. | ||
| 260 |
_aNew York : _bMcGraw-Hill Education, _cc2018. |
||
| 300 |
_a207 p. _billustrations. |
||
| 365 | _b40.60 usd | ||
| 588 | _aDescription based on online resource; title from resource home page (AccessMedicine, viewed on April 2, 2018). | ||
| 650 | 2 |
_aKidney _xphysiology. |
|
| 650 | 0 |
_aRenal _9128 |
|
| 650 | 0 |
_aMedicine _969 |
|
| 650 | 0 |
_aPhysiology _9129 |
|
| 653 | _aფიზიოლოგია | ||
| 653 | _aმედიცინა | ||
| 653 | _aრენალი | ||
| 653 | _aთირკმელი | ||
| 655 | 7 | _aElectronic books. | |
| 700 | 1 | _aPooler, John. | |
| 700 | 1 |
_aVander, Arthur J., _d1933- |
|
| 710 | 2 | _aMcGraw-Hill Companies. | |
| 710 | 2 | _aAccessMedicine (Online service) | |
| 710 | 2 | _aAccessBiomedical Science (Online Service) | |
| 942 |
_2udc _cBK _e9 |
||
| 999 |
_c57 _d57 |
||